Loading...
| Fine Arts - Other | 0 | 3 | 0 | 2 | 30 | 82 | 105.33 | 0 | 2 | 0.00 | 0.00 |
| Literature - World | 0 | 3 | 0 | 2 | 30 | 120 | 136.33 | 0 | 1 | 0.00 | 0.00 |
| Literature - American | 0 | 3 | 1 | 0 | 25 | 70 | 104.00 | 1 | 2 | 0.00 | 0.00 |
| Fine Arts - Classical Music | 0 | 3 | 1 | 0 | 25 | 98 | 113.67 | 0 | 2 | 0.00 | 0.00 |
| Literature - British | 0 | 2 | 0 | 0 | 20 | 98 | 107.00 | 0 | 1 | 0.00 | 0.00 |
| Philosophy | 0 | 2 | 0 | 1 | 20 | 117 | 119.50 | 0 | 1 | 0.00 | 0.00 |
| Fine Arts - Painting and Sculpture | 0 | 2 | 1 | 0 | 15 | 65 | 76.50 | 1 | 2 | 0.00 | 0.00 |
| Science - Other | 0 | 1 | 0 | 1 | 10 | 106 | 106.00 | 0 | 1 | 0.00 | 0.00 |
| Literature - European | 0 | 1 | 1 | 0 | 5 | 104 | 104.00 | 0 | 1 | 0.00 | 0.00 |
| History - European | 0 | 0 | 1 | 0 | -5 | 0.00 | 0 | 0 | 0.00 | 0.00 |